| 000 | 00317nam a22001097a 4500 | ||
|---|---|---|---|
| 082 | _a001 | ||
| 100 |
_aSharma,Mohit _983309 |
||
| 245 | _aIAS Mains General Studies Paper 2 Governance,Constitution,Polity,Social Justice & International Relations | ||
| 260 |
_aMeerut _bArihant _c2025 |
||
| 650 | _aGS | ||
| 942 | _cC. BOOKS | ||
| 999 |
_c68158 _d68158 |
||